[Event "Paleochora op 10th"]
[Site "Paleochora"]
[Date "2017.07.19"]
[Round "1"]
[White "Serntedakis, Georgios"]
[Black "Rychagov, Andrey"]
[Result "0-1"]
[WhiteElo "1834"]
[BlackElo "2536"]
[PlyCount "68"]
[EventDate "2017.07.19"]
[EventType "swiss"]
[EventRounds "9"]
[EventCountry "GRE"]
[SourceTitle "EXT 2018"]
[Source "ChessBase"]
[SourceDate "2017.10.13"]
[SourceVersion "1"]
[SourceVersionDate "2017.10.13"]
[SourceQuality "1"]

1. e4 c5 2. Nc3 e6 3. d3 Nc6 4. g3 g6 5. Bg2 Bg7 6. Be3 d6 7. Nge2 Nd4 8. Qd2 Rb8 9. Nc1 b5 10. Nd1 b4 11. c3 bxc3 12. bxc3 Nc6 13. 0-0 Nge7 14. Bh6 0-0 15. Bxg7 Kxg7 16. f4 f6 17. Ne3 Ba6 18. Rf2 Qa5 19. f5 exf5 20. exf5 Ne5 21. d4 cxd4 22. cxd4 Qxd2 23. Rxd2 Nc4 24. Nxc4 Bxc4 25. fxg6 hxg6 26. Ne2 Rfc8 27. Re1 Kf7 28. d5 Rc5 29. Nf4 g5 30. Ne6 Ra5 31. Rc2 Bxd5 32. Bxd5 Rxd5 33. Rc7 Re5 34. Rxe5 dxe5 0-1

[Event "Rethymno op 2nd"]
[Site "Rethymno"]
[Date "2010.07.13"]
[Round "1"]
[White "Rychagov, Andrey"]
[Black "Serntedakis, Georgios"]
[Result "1-0"]
[WhiteElo "2538"]
[BlackElo "1842"]
[PlyCount "49"]
[EventDate "2010.07.13"]
[EventType "swiss"]
[EventRounds "9"]
[EventCountry "GRE"]
[SourceTitle "CBM 137 Extra"]
[Source "ChessBase"]
[SourceDate "2010.09.01"]
[SourceVersion "1"]
[SourceVersionDate "2010.09.01"]
[SourceQuality "1"]

1. d4 e6 2. c4 d5 3. Nf3 Nf6 4. Nc3 Bb4 5. Bg5 Nbd7 6. e3 c5 7. cxd5 Qa5 8. dxe6 fxe6 9. Qb3 Nd5 10. Rc1 0-0 11. a3 Bxc3+ 12. bxc3 N7f6 13. Bd3 Qc7 14. Bh4 cxd4 15. Bg3 Qa5 16. exd4 Bd7 17. 0-0 Nh5 18. Qxb7 Qd8 19. Ne5 Nhf6 20. c4 Rb8 21. Qxa7 Ra8 22. Qc5 Ra5 23. Qd6 Nc7 24. Nxd7 Nxd7 25. Qxc7 1-0